عرض عادي
عرض مارك
- Reality.
مدخل مصطلح موضوعي
001 - رقم الضبط
- حقل الضبط: 42501
003 - معرف رقم الضبط
- حقل الضبط: OSt
005 - تاريخ ووقت أخر عملية
- حقل الضبط: 20140127181621.0
008 - عناصر بيانات ثابتة الطول
- حقل تحكم ثابت الطول: 140127|||a|||||| | ||| d
040 ## - مصدر الفهرسة
- هيئة الفهرسة الأصلية: OSt
- وكالة الكتابة: OSt
150 ## - مدخل-- مصطلح تاريخي
- عنصر مدخل المصطلح الموضوعي او الاسم الجغرافي: Reality.
670 ## - بيانات المصدر موجوده
- الاستشهاد بالمصدر: Work cat.: (OSt)0: Heil, John. 42500, The universe as we find it, 2012.
